000 00726nam a2200205Ii 4500
003 JO-AjNU
008 230605s9999||||xx |||||||||||||| ||und||
017 _a2008/9/3683
040 _aJO-AjNU
_bara
_erda
_cJO-AjNU
041 _aara
050 1 4 _aPJ7571 .A56 2008
100 3 _aالعنابي، زهير,
_eauthor
_950587
245 0 0 _aالنص النثري من القديم إلى الحديث، الجزء الثاني
264 3 1 _aعمان:إبن بطوطة للنشر والتوزيع،2008
300 _aج2، 637ص
336 _atext
_btxt
_2rdacontent
337 _aunmediated
_bn
_2rdamedia
338 _avolume
_bnc
_2rdacarrier
650 4 _aالنثر العربي الحديث-الأدب العربي
_950588
999 _aA22293
_c25861
_d25861